| 000 | 00747nam a2200193 i 4500 | ||
|---|---|---|---|
| 001 | 93819 | ||
| 003 | ES-MaACL | ||
| 005 | 20230906181325.0 | ||
| 007 | t| | ||
| 008 | 050420s1997 sp ||||1| spa d | ||
| 100 | 1 |
_aLópez Gómez, Pedro. _973674 |
|
| 245 | 1 | 0 |
_aArchivo Histórico Provincial de Pontevedra _b: guía del investigador / _cPedro López Gomez; con la colaboración de María Dolores Barahona Riber. |
| 260 |
_a[Madrid] : _bDirección General del Patrimonio Artístico y Cultural, _c1977. |
||
| 300 |
_a167 p., 5 lám., 1 map. ; _c22 cm. |
||
| 610 | 2 | 7 |
_aArchivo Histórico Provincial de Pontevedra. _91458 |
| 700 | 1 |
_aBarahona Riber, Dolores. _925287 |
|
| 852 |
_aES-MaACL _jA-6707 _bR.95896 |
||
| 852 |
_aES-MaACL _jA-7128 _bR.96194 |
||
| 999 |
_c93819 _d93819 |
||